00422nam a2200169 a 450000100060000000300090000600800410001502000150005604000280007108200170009910000320011624500380014825000060018626000290019230000080022165000230022913990CO-ViMGA141112s2004 ck r 000 u spa d a8479021462 aCO-ViMGAbspacCO-ViMGA04a796.352 P3541 aPenick, Harvey; Shrake, Bud10aEl pequeño libro verde del golf a2 aMadrid : bTutor, c1995 a18414aGOLF - ENSEÑANZA